Countries That Visit Russia The Most - Statistics

General Stats
  • This quiz has been taken 67 times
  • The average score is 13 of 16
Answer Stats
Tourists Country % Correct
2,257,039 China
100%
8,646,295 Ukraine
97%
4,324,856 Kazakhstan
92%
680,382 Poland
89%
440,438 Belarus
87%
540,062 Estonia
85%
938,693 Finland
84%
2,588,922 Uzbekistan
82%
744,473 Germany
80%
816,454 Armenia
75%
959,130 Kyrgyzstan
75%
1,557,148 Tajikistan
75%
720,485 Georgia
74%
1,175,045 Azerbaijan
72%
614,043 Moldova
66%
453,796 South Korea
56%
No matching quizzes found
Score Distribution
Percent of People with Each Score
Percentile by Number Answered
Your Score History
You have not taken this quiz